Statistiques concernant Les 200 plus grandes villes de France en Corse et en Outre Mer

Cliquez ici pour prendre le quiz!

Statistiques générales

  • Ce quiz a été pris 147 fois
  • Le résultat moyen est 11 sur 15

Statistiques - réponses

Région /
Territoire
Ville
Population
(en milliers)
% Correct
Réunion19Saint Denis153
97%
Corse73Ajaccio71
96%
Martinique64Fort de France76
93%
Nouvelle Calédonie-Nouméa94
91%
Mayotte-Mamoudzou71
90%
Guyane81Cayenne65
89%
Réunion42Saint Paul103
84%
Réunion55Saint Pierre84
77%
Réunion58Le Tampon79
73%
Guadeloupe116Les Abymes53
63%
Guyane138Saint Laurent du Maroni47
60%
Réunion101Saint André56
44%
Martinique187Le Lamentin40
36%
Réunion117Saint Louis53
36%
Réunion200Saint Joseph37
28%

Distribution des résultats

Percentile par nombre de réponses

% des personnes avec chaque résultat

Votre développement - résultats

Vous n’avez pas pris ce quiz